Chcete úspešne študovať jazyky?

Bibliographic Details
Main Author: Abel, Martin, 1958- (Author)
Format: Book
Language:Slovak
PhysicalDescription:157 s. ilustr., sch., tab. 21 cm
Published: Bratislava Elita 1998
ISBN:808044045X
Subjects:

MARC

LEADER 00000nam a2200000 a 4500
001 vtls001324696
003 SK-MaSNL
005 20260301005532.0
008 240318s1998 xo aap r yy slo
015 |a SNBA1998/08-02572 
020 |a 808044045X 
035 |a SNK000277433 
035 |a urn:nbn:sk:snk-amkhfl 
035 |a urn:nbn:sk:snk-am008fdx 
035 |a 0F527D8C-58EA-4E55-A7FD-BA67B60122F7 
040 |a SNK  |b slo  |c SNK  |e AACR2 
041 0 |a slo 
044 |a xo  |c SK 
080 |a 800.7(035)  |2 1981 
080 |a 802/809(035)  |2 1981 
100 1 |a Abel, Martin,  |d 1958-  |4 aut  |9 39183 
245 1 0 |a Chcete úspešne študovať jazyky?  |c Martin Abel 
260 |a Bratislava  |b Elita  |c 1998 
300 |a 157 s.  |b ilustr., sch., tab.  |c 21 cm 
504 |a Bibliogr. s. 146-148. Reg. 
650 0 7 |a štúdium jazykov  |x príručky  |2 SNK  |9 64254 
655 7 |a príručky  |2 SNK  |9 74364 
919 |a 80-8044-045-X 
958 |a OND 
958 |a TL 
958 |a NB 
999 |c 545461  |d 547391 
952 |t P60, <03>, [BOOK], {603}  |a SNK  |b SNK  |y PREZ  |7 0  |p 17A0128182  |o snkSC 95329  |i snkKSP 2875/98  |0 0  |1 0  |4 0  |d 1998-03-17  |f 1  |l 0  |r 2025-09-12 00:00:00  |w 2026-02-23 
952 |t P60, <04>, [BOOK], {604}  |a SNK  |b SNK  |y VYP  |7 0  |p 17A0128181  |o snkSC 95329 D1  |i snkKSP 2876/98  |0 0  |1 0  |4 0  |d 1998-03-17  |l 0  |r 2005-01-02 00:00:00  |w 2026-02-23